Právo akciových spoločností

Uložené v:
Podrobná bibliografia
Hlavný autor: Černejová, Alena
Ďalší autori: Hanes, Dalibor
Médium: Kniha
Jazyk:Slovak
Vydavateľské údaje: Bratislava Bradlo 1991
Vydanie:1. vyd.
Edícia:Právo v praxi
Predmet:
Tagy: Pridať tag
Žiadne tagy, Buďte prvý, kto otaguje tento záznam!

MARC

LEADER 00000nam a2200000 4500
001 c000531
005 20221214101712.6
020 |a 80-7127-028-8 
041 0 |a slo 
044 |a SK 
245 1 0 |a Právo akciových spoločností  |c Alena Černejová, Dalibor Hanes 
250 |a 1. vyd. 
264 1 |a Bratislava  |b Bradlo  |c 1991 
300 |a 218 s. 
490 1 |a Právo v praxi 
830 0 |a Právo v praxi 
610 2 0 |a spoločnosti akciové 
610 2 0 |a právo hospodárske 
610 2 0 |a predpisy právne 
610 2 0 |a právo obchodné 
610 2 0 |a kapitál 
610 2 0 |a stanovy 
610 2 0 |a register podnikový 
610 2 0 |a účtovníctvo 
610 2 0 |a zisk 
610 2 0 |a úrok 
610 2 0 |a dividendy 
610 2 0 |a papiere cenné 
610 2 0 |a akcie 
610 2 0 |a organizácia podniku 
610 2 0 |a koncerny 
610 2 0 |a zmluvy hospodárske 
610 2 0 |a podnik medzinárodný 
610 2 0 |a podnik zmiešaný 
100 1 |a Černejová, Alena 
700 1 |a Hanes, Dalibor